Complete the Groups of Four Quiz Stats

 Plays Quiz Updated Sep 12, 2016

Also try: The First Four
Challenge
Share
Tweet
Embed
Score 0/20 Timer 04:00
15 Plays Today
Question Answer Wrong Answers
Seasons

Summer, Winter, Spring
Fall
96.8%
Solstice
0.2%
Slip
0.1%
Equinox
0.1%
Cardinal Directions

East, South, West
North
96.6%
Up
0.1%
Down
0.1%
Magnetic North
0.4%
Card Suits

Hearts, Diamonds, Spades
Clubs
96.4%
Jokers
0.3%
Shovels
0.3%
Circles
0.1%
Teenage Mutant Ninja Turtles

Raphael, Leonardo, Michelangelo
Donatello
94.3%
Botticelli
1%
Giorgio
0.5%
Giovanni
1.4%
New Testament Gospels

Matthew, Luke, John
Mark
91.7%
Simon
1.3%
Judas
1.9%
Thomas
2.3%
Classical Elements

Water, Earth, Fire
Air
91.3%
Metal
0.8%
Salt
4%
Wood
1.2%
Hogwarts Houses

Slytherin, Hufflepuff, Gryffindor
Ravenclaw
83%
Wolftooth
1.3%
Azkaban
2.5%
Dumbledore
10.3%
Corners on a Monopoly Board

Free Parking, GO, In Jail/Just Visiting
Go To Jail
81.9%
Chance
4.7%
Luxury Tax
3.5%
Community Chest
7.3%
Big 4 US Sports

Football, Basketball, Baseball
Ice Hockey
81.4%
Soccer
10%
Golf
4%
Tennis
1.9%
States of Matter

Gas, Liquid, Solid
Plasma
77.7%
Air
16.8%
Plastic
1%
Dark
1.8%
Horsemen of the Apocalypse

Death, War, Conquest
Famine
77.6%
Beauty
1.2%
Wrath
10.9%
Armageddon
7.5%
Gas Giants

Saturn, Neptune, Uranus
Jupiter
77.4%
Venus
8.5%
Mars
3.1%
Mercury
8.2%
Tennis Grand Slam Tournaments

Wimbledon, US Open, French Open
Australian Open
76.7%
British Open
16.3%
Olympics
0.8%
Davis Cup
3.4%
Mount Rushmore Presidents

George Washington, Abraham Lincoln, Thomas Jefferson
Theodore Roosevelt
74.2%
Franklin Roosevelt
14.2%
Andrew Jackson
4.7%
John Adams
4.3%
UK constituent countries

England, Wales, Scotland
Northern Ireland
69.2%
Ireland
21.1%
London
1%
Great Britain
6.1%
Four-Corner States

Arizona, Colorado, Utah
New Mexico
66.2%
Texas
3.7%
Wyoming
12.7%
Nevada
14.7%
DNA Bases

Adenine, Thymine, Cytosine
Guanine
62.1%
Uracil
3.9%
Xanthine
18.2%
Uridine
12.9%
Pac-Man Ghosts

Blinky, Pinky, Inky
Clyde
53.8%
Winky
32%
Bob
4.2%
Spooky
7.3%
Lord of the Rings Hobbits

Frodo, Samwise, Peregrin
Meriadoc
50%
Aragorn
19.3%
Boromir
9.9%
Gimli
18%
Main Japanese Islands

Hokkaido, Honshu, Kyushu
Shikoku
46.1%
Iwo Jima
15.3%
Tokushima
15.9%
Fukuoka
19.9%

You're not logged in!

Compare scores with friends on all Sporcle quizzes.
Join for Free
OR
Log In

You Might Also Like...

Show Comments

Extras

Top Quizzes Today


Score Distribution

Your Account Isn't Verified!

In order to create a playlist on Sporcle, you need to verify the email address you used during registration. Go to your Sporcle Settings to finish the process.

Report this User

Report this user for behavior that violates our Community Guidelines.

Details: